000 00925nam a22002897a 4500
003 CHAP
005 20230613062622.0
008 971013s1965 r 00010 d
010 _a30013
011 _a30985
035 _a35097
040 _cCHAP
082 _a341.11
_bN3
110 0 0 _aOrganización de las Naciones Unidas.
_983534
245 _aMetas en la cooperación internacional
260 _aNew York :
_bNaciones Unidas,
_c1965
300 _a163 p.
_b: ilus.
590 _aBATCH-UPD
_b10
_c20130110
_lUCH01
_h1048
590 _aBATCH-UPD
_b10
_c20130410
_lUCH01
_h0646
590 _aBATCH-UPD
_b10
_c20130914
_lUCH01
_h1044
590 _aCONVERSION
_b10
_c20130109
_lUCH01
_h1317
650 1 7 _aCooperación internacional
_2
_927771
901 _aBK
942 _cLIBRO
949 _a341.11 N3
_bBC
_cLIBRO
_d33724000380457
_eLIBRO
_fc.2
_h12141
_i35097
_si
949 _a341.11 N3
_bBC
_cLIBRO
_d33724000380465
_eLIBRO
_i35097
_si
999 _c30013
_d30013